[Event "Copenhagen-ch"]
[Site "Taastrup"]
[Date "2020.09.27"]
[Round "4"]
[White "Holmsgaard, Henrik"]
[Black "Vasli, Aref"]
[Result "0-1"]
[WhiteElo "2216"]
[BlackElo "2371"]
[PlyCount "42"]
[EventDate "2020.09.25"]
[EventType "swiss"]
[EventRounds "5"]
[EventCountry "DEN"]
[SourceTitle "EXT 2021"]
[Source "ChessBase"]
[SourceDate "2020.10.23"]
[SourceVersion "1"]
[SourceVersionDate "2020.10.23"]
[SourceQuality "1"]

1. e4 e5 2. Bc4 Nf6 3. d3 Bc5 4. Nf3 d6 5. c3 0-0 6. Bb3 h6 7. Nbd2 Nc6 8. h3 Be6 9. Bc2 a5 10. a4 Nh5 11. Nf1 Qf6 12. g3 d5 13. Ne3 dxe4 14. dxe4 Bxe3 15. Bxe3 Rad8 16. Qe2 Rd7 17. Nh4 Nf4 18. gxf4 exf4 19. Bc5 Qxh4 20. Bxf8 Ne5 21. Qb5 Nf3+ 0-1

[Event "DEN-chT 1920 58th"]
[Site "Denmark"]
[Date "2020.09.06"]
[Round "9.4"]
[White "Holmsgaard, Henrik"]
[Black "Rathlev, Jakob"]
[Result "1-0"]
[WhiteElo "2221"]
[BlackElo "2233"]
[PlyCount "87"]
[EventDate "2019.11.23"]
[EventType "team-tourn"]
[EventRounds "9"]
[EventCountry "DEN"]
[SourceTitle "EXT 2021"]
[Source "ChessBase"]
[SourceDate "2020.10.23"]
[SourceVersion "1"]
[SourceVersionDate "2020.10.23"]
[SourceQuality "1"]
[WhiteTeam "Bronshoj"]
[BlackTeam "Jetsmark"]
[WhiteTeamCountry "DEN"]
[BlackTeamCountry "DEN"]

1. e4 e6 2. d4 d5 3. e5 c5 4. c3 Qb6 5. Nf3 Bd7 6. a4 cxd4 7. cxd4 Nc6 8. Nc3 f6 9. Bd3 Nb4 10. Be2 fxe5 11. a5 Qc7 12. dxe5 Ne7 13. 0-0 Ng6 14. Nb5 Qb8 15. Be3 Be7 16. Rc1 Nc6 17. Nd6+ Bxd6 18. exd6 0-0 19. Bd3 Qe8 20. Bb1 Nce5 21. Nxe5 Nxe5 22. Bg5 Bb5 23. Re1 Ng6 24. Rc7 Rf7 25. Bxg6 hxg6 26. Re7 Qf8 27. Qd4 Bd7 28. h4 Rc8 29. Re2 Rc6 30. Qb4 Qb8 31. Rxf7 Kxf7 32. Qf4+ Kg8 33. Be7 Rc4 34. Qg5 Qe8 35. Re3 e5 36. Qxe5 d4 37. Rf3 Bf5 38. g4 d3 39. gxf5 Qc6 40. Qe6+ Kh8 41. d7 Rg4+ 42. Rg3 Rxg3+ 43. fxg3 Qc1+ 44. Kg2 1-0

[Event "DEN-chT 1920 58th"]
[Site "Denmark"]
[Date "2020.01.26"]
[Round "6.8"]
[White "Stage Steffensen, Sander"]
[Black "Holmsgaard, Henrik"]
[Result "1/2-1/2"]
[WhiteElo "2104"]
[BlackElo "2221"]
[PlyCount "115"]
[EventDate "2019.11.23"]
[EventType "team-tourn"]
[EventRounds "9"]
[EventCountry "DEN"]
[SourceTitle "CBM 195 Extra"]
[Source "ChessBase"]
[SourceDate "2020.05.31"]
[SourceVersion "1"]
[SourceVersionDate "2020.05.31"]
[SourceQuality "1"]
[WhiteTeam "Ballerup"]
[BlackTeam "Bronshoj"]
[WhiteTeamCountry "DEN"]
[BlackTeamCountry "DEN"]

1. e4 c5 2. Nf3 e6 3. d4 cxd4 4. Nxd4 Nc6 5. Nc3 Qc7 6. Be2 a6 7. 0-0 Nf6 8. a3 Be7 9. Kh1 0-0 10. f4 d6 11. Nf3 b5 12. Bd3 Bb7 13. Qe1 Rad8 14. Qg3 Rfe8 15. Qh3 g6 16. f5 exf5 17. exf5 Ne5 18. Ng5 Qc8 19. fxg6 hxg6 20. Qh4 Qg4 21. Qxg4 Nfxg4 22. Be2 Nf6 23. Bf4 Bf8 24. Rad1 Bg7 25. Nf3 Ne4 26. Nxe4 Bxe4 27. c3 Bxf3 28. gxf3 d5 29. Bg5 f6 30. Bc1 Kf7 31. f4 Nc4 32. Bf3 Nb6 33. f5 Re5 34. fxg6+ Kxg6 35. Bf4 Re7 36. Rg1+ Kh7 37. Rg4 Rde8 38. Rh4+ Kg8 39. Kg2 Re1 40. Rd2 Nc4 41. Bxd5+ Kf8 42. Bxc4 bxc4 43. Bd6+ Kf7 44. Rxc4 R8e2+ 45. Rxe2 Rxe2+ 46. Kf3 Rxb2 47. Ke4 Ke6 48. Bf4 f5+ 49. Kd3 Be5 50. Bxe5 Kxe5 51. Ke3 Rxh2 52. Rc5+ Ke6 53. Rc6+ Kd5 54. Rxa6 Rh3+ 55. Kf4 Rxc3 56. Kxf5 Rf3+ 57. Kg4 Rf8 58. a4 1/2-1/2

[Event "Malmo op"]
[Site "Malmo"]
[Date "2019.12.15"]
[Round "7"]
[White "Pantzar, Milton"]
[Black "Holmsgaard, Henrik"]
[Result "1/2-1/2"]
[WhiteElo "2410"]
[BlackElo "2219"]
[PlyCount "120"]
[EventDate "2019.12.13"]
[EventType "swiss"]
[EventRounds "8"]
[EventCountry "SWE"]
[SourceTitle "CBM 193 Extra"]
[Source "ChessBase"]
[SourceDate "2020.01.31"]
[SourceVersion "1"]
[SourceVersionDate "2020.01.31"]
[SourceQuality "1"]

1. d4 d5 2. c4 dxc4 3. Nf3 Nf6 4. e3 Bg4 5. Bxc4 e6 6. Qb3 Bxf3 7. gxf3 c5 8. Qxb7 Nbd7 9. Nc3 cxd4 10. exd4 Bd6 11. Rg1 0-0 12. Bh6 Nh5 13. Qe4 Ndf6 14. Qh4 Kh8 15. Bg5 h6 16. Qxh5 Nxh5 17. Bxd8 Rfxd8 18. Bb3 Nf4 19. 0-0-0 Rac8 20. Kc2 Bb8 21. Rge1 Rd7 22. Rd2 g6 23. Red1 Kg7 24. Kb1 Rcd8 25. Ne4 Rb7 26. Bc4 Rb4 27. b3 Nd5 28. h3 Rb6 29. Kb2 a5 30. Nc3 Nxc3 31. Kxc3 Bd6 32. Kc2 Bb4 33. Rd3 Rbd6 34. d5 exd5 35. Rxd5 Rxd5 36. Bxd5 f5 37. f4 Kf6 38. f3 g5 39. fxg5+ hxg5 40. Bc4 Rxd1 41. Kxd1 Ke5 42. Ke2 Kf4 43. Be6 Bc5 44. Bd7 Bb4 45. Kd3 Kxf3 46. Bxf5 Kf4 47. Bg4 Ke5 48. Kc4 Kd6 49. Kb5 Kc7 50. a3 Be1 51. b4 axb4 52. axb4 Kb7 53. Kc5 Bf2+ 54. Kd5 Kb6 55. Be2 Be3 56. Ke4 Bd2 57. b5 Bc1 58. Kf3 Bd2 59. Kg4 Bc1 60. Kf5 Bd2 1/2-1/2

[Event "Odense-chB"]
[Site "Odense"]
[Date "2015.10.11"]
[Round "5"]
[White "Holmsgaard, Henrik"]
[Black "Hansen, Lars"]
[Result "1/2-1/2"]
[WhiteElo "2243"]
[BlackElo "2231"]
[PlyCount "42"]
[EventDate "2015.10.09"]
[EventType "tourn"]
[EventRounds "5"]
[EventCountry "DEN"]
[EventCategory "1"]
[SourceTitle "EXT 2018"]
[Source "ChessBase"]
[SourceDate "2017.10.13"]
[SourceVersion "1"]
[SourceVersionDate "2017.10.13"]
[SourceQuality "1"]

1. e4 e6 2. d4 d5 3. Nd2 Nf6 4. e5 Nfd7 5. f4 c5 6. Ngf3 Nc6 7. Nb3 c4 8. Nbd2 b5 9. Be2 b4 10. Nf1 Be7 11. Ne3 Nb6 12. h4 a5 13. h5 h6 14. 0-0 Bd7 15. Nh2 Qc7 16. c3 Na4 17. Qd2 Rb8 18. Nc2 Na7 19. Bd1 Rb7 20. Rf3 Qb8 21. Rg3 Rg8 1/2-1/2

[Event "Odense-chB"]
[Site "Odense"]
[Date "2015.10.09"]
[Round "1"]
[White "Rostgaard, Tobias Valentin"]
[Black "Holmsgaard, Henrik"]
[Result "1/2-1/2"]
[WhiteElo "2224"]
[BlackElo "2243"]
[PlyCount "107"]
[EventDate "2015.10.09"]
[EventType "tourn"]
[EventRounds "5"]
[EventCountry "DEN"]
[EventCategory "1"]
[SourceTitle "EXT 2018"]
[Source "ChessBase"]
[SourceDate "2017.10.13"]
[SourceVersion "1"]
[SourceVersionDate "2017.10.13"]
[SourceQuality "1"]

1. d4 d5 2. c4 dxc4 3. e3 e5 4. Bxc4 exd4 5. exd4 Bd6 6. Qb3 Qe7+ 7. Ne2 Nf6 8. Nbc3 0-0 9. Bg5 c6 10. 0-0-0 h6 11. Bh4 Bf5 12. Bd3 Be6 13. Qc2 Bd5 14. Nxd5 cxd5 15. Nc3 g5 16. Bg3 Bxg3 17. hxg3 Kg7 18. Rde1 Qd6 19. Qd2 Rh8 20. Re5 Rg8 21. f4 g4 22. f5 Rh8 23. Qf4 Nc6 24. Rh4 Rad8 25. Be2 Rde8 26. Rxg4+ Nxg4 27. Qxg4+ Kf8 28. Rxd5 Qe7 29. Qf4 Qe3+ 30. Qxe3 Rxe3 31. Bf3 Rd3 32. Rd7 Kg7 33. Kc2 Nb4+ 34. Kb3 Nc6 35. Kc2 Nb4+ 36. Kb3 Nc6 37. d5 Ne5 38. Rxb7 Nxf3 39. gxf3 Rxf3 40. g4 Rf4 41. d6 Rxg4 42. Re7 Rb8+ 43. Kc2 h5 44. Ne4 h4 45. d7 Rd8 46. Nd6 Rd4 47. Rxf7+ Kg8 48. Re7 Rf8 49. Ne4 Rf7 50. Re8+ Rf8 51. Re7 Rf7 52. Re8+ Rf8 53. Re7 h3 54. Kc3 1/2-1/2

[Event "Copenhagen Bronshoj op"]
[Site "Copenhagen"]
[Date "2015.02.09"]
[Round "7"]
[White "Karlsson, Ulf"]
[Black "Holmsgaard, Henrik"]
[Result "1/2-1/2"]
[WhiteElo "2000"]
[BlackElo "2275"]
[PlyCount "39"]
[EventDate "2015.02.06"]
[EventType "swiss"]
[EventRounds "7"]
[EventCountry "DEN"]
[SourceTitle "EXT 2016"]
[Source "ChessBase"]
[SourceDate "2015.10.08"]
[SourceVersion "1"]
[SourceVersionDate "2015.10.08"]
[SourceQuality "1"]

1. e4 c5 2. Nc3 Nc6 3. g3 g6 4. Bg2 Bg7 5. d3 d6 6. f4 e6 7. Nf3 Nge7 8. 0-0 0-0 9. Be3 Nd4 10. e5 Bd7 11. Ne4 Nef5 12. Bf2 Bc6 13. c3 Nxf3+ 14. Bxf3 dxe5 15. fxe5 Bxe5 16. Nxc5 Qc7 17. d4 Bg7 18. Qe2 Rfe8 19. g4 Ne7 20. Bg3 1/2-1/2

[Event "Copenhagen Bronshoj op"]
[Site "Copenhagen"]
[Date "2015.02.07"]
[Round "2"]
[White "Holmsgaard, Henrik"]
[Black "Tandrup, Michael"]
[Result "0-1"]
[WhiteElo "2275"]
[BlackElo "1958"]
[PlyCount "48"]
[EventDate "2015.02.06"]
[EventType "swiss"]
[EventRounds "7"]
[EventCountry "DEN"]
[SourceTitle "EXT 2016"]
[Source "ChessBase"]
[SourceDate "2015.10.08"]
[SourceVersion "1"]
[SourceVersionDate "2015.10.08"]
[SourceQuality "1"]

1. e4 e6 2. d4 d5 3. Nd2 dxe4 4. Nxe4 Bd7 5. Bd3 Bc6 6. Nf3 Nd7 7. 0-0 Ngf6 8. Qe2 Be7 9. c4 0-0 10. Bf4 Nxe4 11. Bxe4 Bxe4 12. Qxe4 c6 13. Rad1 Nf6 14. Qe2 Bd6 15. Be5 Qe7 16. Bxf6 Qxf6 17. Ne5 Rad8 18. Rd3 Bxe5 19. dxe5 Qf4 20. Re1 Rxd3 21. Qxd3 Qg5 22. Re3 Rd8 23. Qe2 Qf5 24. Re4 Qxe4 0-1

[Event "DEN-chT 1415 53rd"]
[Site "Denmark"]
[Date "2014.10.25"]
[Round "1.7"]
[White "Holmsgaard, Henrik"]
[Black "Rendboe, John Filip"]
[Result "1/2-1/2"]
[WhiteElo "2301"]
[BlackElo "2196"]
[PlyCount "83"]
[EventDate "2014.10.25"]
[EventType "team-tourn"]
[EventRounds "9"]
[EventCountry "DEN"]
[SourceTitle "EXT 2016"]
[Source "ChessBase"]
[SourceDate "2015.10.08"]
[SourceVersion "1"]
[SourceVersionDate "2015.10.08"]
[SourceQuality "1"]
[WhiteTeam "Bronshoj"]
[BlackTeam "Aarhus/Skolerne"]
[WhiteTeamCountry "DEN"]
[BlackTeamCountry "DEN"]

1. e4 c5 2. c3 Nf6 3. e5 Nd5 4. d4 cxd4 5. cxd4 d6 6. Nf3 e6 7. Bc4 Nb6 8. Bd3 Nc6 9. exd6 Qxd6 10. Nc3 Be7 11. 0-0 f5 12. Nb5 Qd8 13. Qe2 0-0 14. Rd1 a6 15. Nc3 Nb4 16. Bb1 Bf6 17. a3 N4d5 18. Ba2 Qd6 19. Bd2 Bd7 20. Re1 Rae8 21. Qd3 Nf4 22. Bxf4 Qxf4 23. Ne5 Bc8 24. g3 Qg5 25. f4 Qh5 26. Re2 Rd8 27. Rae1 Nd5 28. Nxd5 exd5 29. Qc3 Rd6 30. Qa5 Rfd8 31. Kg2 Be6 32. Qc7 Bxe5 33. dxe5 R6d7 34. Qb6 Qf7 35. Rc2 Re8 36. Qd4 Rc7 37. Rec1 Rxc2+ 38. Rxc2 h6 39. Qb6 Re7 40. Qd8+ Kh7 41. Rd2 Rd7 42. Qb6 1/2-1/2

[Event "Malmo op"]
[Site "Malmo"]
[Date "2013.12.14"]
[Round "2"]
[White "Holmsgaard, Henrik"]
[Black "Brynell, Stellan"]
[Result "0-1"]
[WhiteElo "2297"]
[BlackElo "2474"]
[PlyCount "88"]
[EventDate "2013.12.13"]
[EventType "swiss"]
[EventRounds "7"]
[EventCountry "SWE"]
[SourceTitle "CBM 157 Extra"]
[Source "ChessBase"]
[SourceDate "2013.12.19"]
[SourceVersion "1"]
[SourceVersionDate "2013.12.19"]
[SourceQuality "1"]

1. e4 e6 2. d3 d5 3. Qe2 dxe4 4. dxe4 e5 5. Nf3 Nd7 6. g3 Bc5 7. Bg2 Ngf6 8. 0-0 0-0 9. Nbd2 Re8 10. Nc4 b6 11. Rd1 Ng4 12. Ne3 Nxe3 13. Bxe3 Qe7 14. Nd2 a5 15. Bxc5 Nxc5 16. Nf1 Bb7 17. Ne3 Rad8 18. Nd5 Bxd5 19. exd5 e4 20. Rd4 Qe5 21. Rad1 f5 22. Qe3 Rd6 23. Bf1 Red8 24. c3 Kh8 25. b4 Nd7 26. f4 exf3 27. Qxf3 axb4 28. cxb4 Nf6 29. Bc4 c6 30. Qf4 Qxf4 31. Rxf4 g6 32. a4 cxd5 33. Bb5 Rc8 34. a5 bxa5 35. bxa5 Ne4 36. Ra1 Kg7 37. a6 Rb6 38. Bf1 Kf6 39. Rf3 Ke5 40. a7 Ra8 41. Rfa3 g5 42. Ra5 f4 43. gxf4+ gxf4 44. Rd1 Rg6+ 0-1

[Event "DEN-chT 1112 50th"]
[Site "Denmark"]
[Date "2012.02.19"]
[Round "7.5"]
[White "Holmsgaard, Henrik"]
[Black "Nordenbaek, Jan"]
[Result "1/2-1/2"]
[WhiteElo "2320"]
[BlackElo "2252"]
[PlyCount "26"]
[EventDate "2011.10.29"]
[EventType "team-tourn"]
[EventRounds "9"]
[EventCountry "DEN"]
[SourceTitle "EXT 2013"]
[Source "ChessBase"]
[SourceDate "2012.11.22"]
[SourceVersion "1"]
[SourceVersionDate "2012.11.22"]
[SourceQuality "1"]
[WhiteTeam "Bronshoj"]
[BlackTeam "Sydostfyn"]
[WhiteTeamCountry "DEN"]
[BlackTeamCountry "DEN"]

1. e4 e5 2. Bc4 Nf6 3. d3 c6 4. Nf3 d5 5. Bb3 Bb4+ 6. Bd2 Bxd2+ 7. Nbxd2 0-0 8. 0-0 Bg4 9. Re1 Nbd7 10. h3 Bxf3 11. Nxf3 dxe4 12. dxe4 Qe7 13. c3 Rad8 1/2-1/2

[Event "DEN-chT 1112 50th"]
[Site "Denmark"]
[Date "2012.01.29"]
[Round "6.7"]
[White "Jensen, Bjarke"]
[Black "Holmsgaard, Henrik"]
[Result "1-0"]
[WhiteElo "2292"]
[BlackElo "2320"]
[PlyCount "109"]
[EventDate "2011.10.29"]
[EventType "team-tourn"]
[EventRounds "9"]
[EventCountry "DEN"]
[SourceTitle "EXT 2013"]
[Source "ChessBase"]
[SourceDate "2012.11.22"]
[SourceVersion "1"]
[SourceVersionDate "2012.11.22"]
[SourceQuality "1"]
[WhiteTeam "Jetsmark"]
[BlackTeam "Bronshoj"]
[WhiteTeamCountry "DEN"]
[BlackTeamCountry "DEN"]

1. e4 c5 2. Nf3 Nc6 3. d4 cxd4 4. Nxd4 Nf6 5. Nc3 e5 6. Ndb5 d6 7. Bg5 a6 8. Na3 b5 9. Bxf6 gxf6 10. Nd5 Bg7 11. Bd3 Ne7 12. Nxe7 Qxe7 13. 0-0 0-0 14. c3 f5 15. Nc2 d5 16. exf5 e4 17. Be2 Rd8 18. Nd4 Qc5 19. Qd2 Rd6 20. g4 Bd7 21. g5 Be5 22. f4 exf3 23. Rxf3 b4 24. Kh1 bxc3 25. bxc3 Rb6 26. Rg1 Re8 27. Bd1 Bxd4 28. cxd4 Qb4 29. Qf2 Qb2 30. Qh4 Re4 31. Qh5 Qxd4 32. g6 fxg6 33. fxg6 Rxg6 34. Rgf1 Be6 35. Rf8+ Kg7 36. Qf3 Reg4 37. Rg8+ Kh6 38. Qf8+ Kg5 39. Qe7+ Kh6 40. Qf8+ Kg5 41. Rxg6+ hxg6 42. Bxg4 Bxg4 43. Qe7+ Kh6 44. Qf8+ Kg5 45. Qe7+ Kh6 46. Qh4+ Kg7 47. Qf2 Qe4+ 48. Kg1 Bf5 49. Qf4 Qd3 50. Rc1 Qe2 51. Qd4+ Kg8 52. Qxd5+ Kh7 53. Qd4 Bc2 54. Qh4+ Kg7 55. Re1 1-0

[Event "DEN-chT 1112 50th"]
[Site "Denmark"]
[Date "2011.12.04"]
[Round "3.6"]
[White "Holmsgaard, Henrik"]
[Black "Christensen, Thomas"]
[Result "1-0"]
[WhiteElo "2320"]
[BlackElo "2257"]
[PlyCount "121"]
[EventDate "2011.10.29"]
[EventType "team-tourn"]
[EventRounds "9"]
[EventCountry "DEN"]
[SourceTitle "EXT 2013"]
[Source "ChessBase"]
[SourceDate "2012.11.22"]
[SourceVersion "1"]
[SourceVersionDate "2012.11.22"]
[SourceQuality "1"]
[WhiteTeam "Bronshoj"]
[BlackTeam "Copenhagen 68"]
[WhiteTeamCountry "DEN"]
[BlackTeamCountry "DEN"]

1. e4 c5 2. c3 Nf6 3. e5 Nd5 4. d4 e6 5. Nf3 cxd4 6. cxd4 b6 7. Nc3 Bb7 8. Bd3 Nxc3 9. bxc3 Qc7 10. Bd2 d5 11. Ng5 g6 12. f4 Nc6 13. 0-0 Be7 14. Rf3 Na5 15. Rh3 h6 16. Qg4 Bxg5 17. fxg5 h5 18. Qf4 0-0-0 19. Rf1 Rd7 20. Rhf3 Rg8 21. Qg3 Nc4 22. Bc1 Bc6 23. Qf2 Rg7 24. Bxc4 dxc4 25. Rf4 Qb7 26. Ba3 Be4 27. Qb2 Bf5 28. Bd6 Rh7 29. Qb5 Qd5 30. Qa6+ Rb7 31. h4 Rh8 32. R1f2 Rd8 33. Rb2 Rdd7 34. Rb5 Rxd6 35. Rxd5 Rxd5 36. Qxc4+ Rc7 37. Qb4 Rdd7 38. c4 Bd3 39. c5 bxc5 40. dxc5 Ba6 41. c6 Rxc6 42. Qf8+ Kc7 43. Rxf7 Bd3 44. Rxd7+ Kxd7 45. Qf7+ Kc8 46. Qf3 Rc1+ 47. Kh2 Bf5 48. Qa8+ Kd7 49. Qxa7+ Rc7 50. Qd4+ Kc6 51. a4 Kb7 52. a5 Rf7 53. Qb6+ Ka8 54. a6 Rh7 55. Kg3 Rf7 56. Kf4 Bb1+ 57. Ke3 Bf5 58. Kd4 Rd7+ 59. Kc5 Rh7 60. Kb4 Rg7 61. Ka5 1-0

[Event "DEN-chT 1112 50th"]
[Site "Denmark"]
[Date "2011.10.30"]
[Round "2.7"]
[White "Jacobsen, Bo"]
[Black "Holmsgaard, Henrik"]
[Result "1-0"]
[WhiteElo "2317"]
[BlackElo "2320"]
[PlyCount "65"]
[EventDate "2011.10.29"]
[EventType "team-tourn"]
[EventRounds "9"]
[EventCountry "DEN"]
[SourceTitle "EXT 2012"]
[Source "ChessBase"]
[SourceDate "2011.11.24"]
[SourceVersion "1"]
[SourceVersionDate "2011.11.24"]
[SourceQuality "1"]
[WhiteTeam "Aarhus/Skolerne"]
[BlackTeam "Bronshoj"]
[WhiteTeamCountry "DEN"]
[BlackTeamCountry "DEN"]

1. c4 c6 2. Nf3 d5 3. g3 Bg4 4. Bg2 Nd7 5. cxd5 cxd5 6. Qa4 Bxf3 7. exf3 Ngf6 8. f4 e6 9. Nc3 Be7 10. 0-0 0-0 11. d4 Nb6 12. Qc2 Qd7 13. Bh3 g6 14. g4 Rfe8 15. f5 exf5 16. gxf5 Bf8 17. Qd3 Qc6 18. fxg6 hxg6 19. f4 Bg7 20. f5 Ne4 21. Kh1 Nd7 22. fxg6 Qxg6 23. Bf5 Qc6 24. Qh3 Nf8 25. Bf4 Re7 26. Rac1 Nxc3 27. Rxc3 Qe8 28. Qh4 Re4 29. Rh3 Rxf4 30. Rxf4 Qe2 31. Bh7+ Nxh7 32. Qxh7+ Kf8 33. Rhf3 1-0

[Event "Mainz Ordix op 17th"]
[Site "Mainz"]
[Date "2010.08.07"]
[Round "3"]
[White "Holmsgaard, Henrik"]
[Black "Gashimov, Vugar"]
[Result "0-1"]
[WhiteElo "2320"]
[BlackElo "2719"]
[PlyCount "58"]
[EventDate "2010.08.07"]
[EventType "swiss (rapid)"]
[EventRounds "11"]
[EventCountry "GER"]
[SourceTitle "CBM 137 Extra"]
[Source "ChessBase"]
[SourceDate "2010.09.01"]
[SourceVersion "1"]
[SourceVersionDate "2010.09.01"]
[SourceQuality "1"]

1. e4 c5 2. c3 g6 3. d4 cxd4 4. cxd4 d5 5. exd5 Nf6 6. Nc3 Bg7 7. Bc4 0-0 8. Nf3 Nbd7 9. d6 exd6 10. 0-0 Nb6 11. Bb3 Be6 12. d5 Bg4 13. h3 Bxf3 14. Qxf3 Nfd7 15. Bf4 Ne5 16. Qg3 Nbd7 17. Ne4 Qb6 18. Rad1 a5 19. Be3 Qa6 20. Bd4 a4 21. Bc2 Rac8 22. Bb1 Rc4 23. Qe3 Re8 24. f4 Rxd4 25. Rxd4 Nc4 26. Qd3 Nxb2 27. Qxa6 Bxd4+ 28. Kh2 bxa6 29. Nxd6 Re2 0-1

[Event "Copenhagen Challenge"]
[Site "Ballerup"]
[Date "2009.05.07"]
[Round "3"]
[White "Holmsgaard, Henrik"]
[Black "Grabarczyk, Miroslaw"]
[Result "0-1"]
[WhiteElo "2330"]
[BlackElo "2469"]
[PlyCount "108"]
[EventDate "2009.05.06"]
[EventType "swiss"]
[EventRounds "9"]
[EventCountry "DEN"]
[SourceTitle "CBM 130 Extra"]
[Source "ChessBase"]
[SourceDate "2009.07.02"]
[SourceVersion "2"]
[SourceVersionDate "2009.07.15"]
[SourceQuality "1"]

1. e4 e5 2. Bc4 Nc6 3. Nc3 Nf6 4. d3 Na5 5. Qf3 d6 6. Nge2 Be7 7. a4 Nxc4 8. dxc4 0-0 9. 0-0 c6 10. Rd1 Bg4 11. Qd3 Nd7 12. f3 Be6 13. Ng3 g6 14. Bh6 Re8 15. Be3 Nc5 16. Qe2 Qb6 17. b3 a5 18. Kh1 Rad8 19. Rd2 Qc7 20. Rad1 Bf6 21. Qf2 Qe7 22. Nce2 Bc8 23. Nc1 Bg7 24. Nd3 b6 25. Nxc5 dxc5 26. Rd3 Rxd3 27. Rxd3 Rd8 28. Qd2 Rxd3 29. Qxd3 h5 30. Ne2 f5 31. Nc3 f4 32. Bc1 g5 33. Ne2 g4 34. Ng1 Be6 35. Bb2 Kf7 36. Bc3 Qd7 37. Be1 Bf6 38. Bc3 Qc7 39. Be1 Ke7 40. Bf2 Qd6 41. Be1 Qd4 42. Qxd4 cxd4 43. Ne2 h4 44. Nc1 h3 45. Nd3 c5 46. Bf2 Kf7 47. Ne1 Kg6 48. gxh3 gxf3 49. Nxf3 Bxh3 50. Kg1 Kh5 51. Be1 Kg4 52. Kf2 Kh5 53. Bd2 Bd7 54. Bc1 Bc6 0-1

[Event "DEN-ch"]
[Site "Silkeborg"]
[Date "2008.03.21"]
[Round "7"]
[White "Antonsen, Mikkel"]
[Black "Holmsgaard, Henrik"]
[Result "1-0"]
[WhiteElo "2409"]
[BlackElo "2324"]
[PlyCount "91"]
[EventDate "2008.03.15"]
[EventType "swiss"]
[EventRounds "9"]
[EventCountry "DEN"]
[SourceTitle "CBM 123 Extra"]
[Source "ChessBase"]
[SourceDate "2008.05.06"]
[SourceVersion "1"]
[SourceVersionDate "2008.05.06"]
[SourceQuality "1"]

1. d4 d5 2. c4 c6 3. Nf3 Nf6 4. e3 e6 5. Nc3 Nbd7 6. Qc2 Bd6 7. Bd3 0-0 8. 0-0 dxc4 9. Bxc4 b5 10. Be2 Bb7 11. Rd1 Qb8 12. b3 Rc8 13. Ne4 Nxe4 14. Qxe4 c5 15. Qh4 cxd4 16. Qxd4 Bxf3 17. Bxf3 Bxh2+ 18. Kf1 Be5 19. Qxd7 Bxa1 20. Bxa8 Qxa8 21. Qxb5 Bf6 22. Ba3 h6 23. Qa6 Rc2 24. Rc1 Qe4 25. Rxc2 Qxc2 26. Bb4 Kh7 27. Be1 Qd1 28. Qc4 g6 29. Qe2 Qb1 30. Qd2 h5 31. b4 h4 32. a4 g5 33. f3 Be5 34. Ke2 Kg7 35. a5 f5 36. Qd7+ Kf6 37. Qd8+ Kf7 38. Qxg5 Bf6 39. Qf4 Qc2+ 40. Bd2 e5 41. Qh6 a6 42. Qh7+ Kf8 43. Qd7 Kg8 44. Qd3 Qc8 45. b5 axb5 46. Qxb5 1-0

[Event "DEN-ch"]
[Site "Silkeborg"]
[Date "2008.03.18"]
[Round "4"]
[White "Matthiesen, Arne"]
[Black "Holmsgaard, Henrik"]
[Result "1/2-1/2"]
[WhiteElo "2327"]
[BlackElo "2324"]
[PlyCount "50"]
[EventDate "2008.03.15"]
[EventType "swiss"]
[EventRounds "9"]
[EventCountry "DEN"]
[SourceTitle "CBM 123 Extra"]
[Source "ChessBase"]
[SourceDate "2008.05.06"]
[SourceVersion "1"]
[SourceVersionDate "2008.05.06"]
[SourceQuality "1"]

1. d4 d5 2. c4 c6 3. Nf3 Nf6 4. e3 Bf5 5. Nc3 e6 6. Nh4 Bg6 7. Be2 Nbd7 8. 0-0 Bd6 9. g3 0-0 10. Nxg6 hxg6 11. b3 dxc4 12. bxc4 e5 13. Rb1 Rb8 14. Qc2 Qe7 15. c5 Bc7 16. Bc4 Kh8 17. Bd2 Rfd8 18. Ne2 Nf8 19. Bc3 Nd5 20. Rb3 Ne6 21. h4 exd4 22. exd4 Qf6 23. Bb2 b5 24. cxb6 Bxb6 25. Kg2 Qf5 1/2-1/2

[Event "Pardubice Czech op"]
[Site "Pardubice"]
[Date "2007.07.28"]
[Round "9"]
[White "Panchanathan, Magesh Chandran"]
[Black "Holmsgaard, Henrik"]
[Result "1-0"]
[WhiteElo "2486"]
[BlackElo "2294"]
[PlyCount "153"]
[EventDate "2007.07.20"]
[EventType "swiss"]
[EventRounds "9"]
[EventCountry "CZE"]
[SourceTitle "CBM 119 Extra"]
[Source "ChessBase"]
[SourceDate "2007.09.04"]
[SourceVersion "1"]
[SourceVersionDate "2007.09.04"]
[SourceQuality "1"]

1. e4 c5 2. Nf3 Nc6 3. d4 cxd4 4. Nxd4 Nf6 5. Nc3 e5 6. Ndb5 d6 7. Bg5 a6 8. Na3 b5 9. Nd5 Be7 10. Bxf6 Bxf6 11. c3 0-0 12. Nc2 Rb8 13. Be2 Bg5 14. 0-0 a5 15. Nce3 Be6 16. a4 bxa4 17. Nc4 Ne7 18. Rxa4 Bxd5 19. exd5 Rb5 20. Nxe5 Rxd5 21. Nd3 Qb6 22. Qc2 Nc6 23. Bf3 Rb5 24. Bxc6 Qxc6 25. Rfa1 Bd8 26. Rg4 Bb6 27. c4 Rf5 28. Qc3 f6 29. Re1 Re8 30. c5 Bxc5 31. Qc4+ Kf8 32. Rxe8+ Qxe8 33. Re4 Qd7 34. g4 Rg5 35. h4 f5 36. Nxc5 dxc5 37. Qxc5+ Kf7 38. Qc4+ Kf8 39. hxg5 fxe4 40. Qxe4 Qd2 41. Qf5+ Ke7 42. Qe5+ Kf7 43. Kg2 Qb4 44. Kg3 Qb3+ 45. f3 a4 46. Qf5+ Kg8 47. Qc8+ Kf7 48. Qd7+ Kf8 49. Qd4 Kf7 50. Kf4 Kf8 51. Ke4 Qb7+ 52. Ke3 Qb3+ 53. Kf2 Qc2+ 54. Kg3 Qb3 55. Qf4+ Kg8 56. Qd2 Kf7 57. Kf4 Kf8 58. Ke4 Qb7+ 59. Ke3 Qb3+ 60. Ke2 Kf7 61. Kf2 Kf8 62. Kg2 Kf7 63. f4 Kf8 64. f5 Kf7 65. Qd4 Kf8 66. Kf2 Kf7 67. Ke2 Kf8 68. Kd2 Kf7 69. Qd7+ Kf8 70. Qd6+ Kf7 71. Qe6+ Qxe6 72. fxe6+ Kxe6 73. Kc3 Ke5 74. Kb4 Kf4 75. Kxa4 Kxg5 76. b4 Kxg4 77. b5 1-0

[Event "Pardubice Czech op"]
[Site "Pardubice"]
[Date "2007.07.25"]
[Round "6"]
[White "Holmsgaard, Henrik"]
[Black "Maksimov, Yuri"]
[Result "1-0"]
[WhiteElo "2294"]
[BlackElo "2436"]
[PlyCount "66"]
[EventDate "2007.07.20"]
[EventType "swiss"]
[EventRounds "9"]
[EventCountry "CZE"]
[SourceTitle "CBM 119 Extra"]
[Source "ChessBase"]
[SourceDate "2007.09.04"]
[SourceVersion "1"]
[SourceVersionDate "2007.09.04"]
[SourceQuality "1"]

1. e4 d6 2. d4 Nf6 3. Nc3 e5 4. Nf3 Nbd7 5. Bc4 Be7 6. 0-0 0-0 7. Bb3 c6 8. a4 exd4 9. Nxd4 Nc5 10. Qe2 Nxb3 11. Nxb3 Re8 12. Bf4 Qb6 13. a5 Qc7 14. Rad1 Bf8 15. Qd3 Rd8 16. e5 d5 17. Qf3 Ne8 18. Nd4 Be6 19. Bg5 Be7 20. Bxe7 Qxe7 21. a6 g6 22. Nce2 Bc8 23. Qg3 Ng7 24. Rfe1 c5 25. Qa3 Kf8 26. axb7 Bxb7 27. Nb5 Ne6 28. Nd6 Kg7 29. Nc3 Rxd6 30. exd6 Qxd6 31. Nxd5 Qc6 32. Qg3 Nd4 33. Qe5+ Kh6 1-0